Loading...
| Science - Physics | 0 | 7 | 0 | 1 | 70 | 50 | 85.43 | 1 | 5 | 0.00 | 0.00 |
| Science - Other | 0 | 6 | 0 | 1 | 60 | 34 | 69.50 | 1 | 5 | 0.00 | 0.00 |
| Science - Biology | 0 | 5 | 0 | 3 | 50 | 55 | 107.80 | 1 | 3 | 0.00 | 0.00 |
| Science - Chemistry | 0 | 3 | 0 | 1 | 30 | 67 | 87.33 | 1 | 2 | 0.00 | 0.00 |
| Social Science | 0 | 2 | 0 | 0 | 20 | 59 | 75.50 | 0 | 1 | 0.00 | 0.00 |
| History - European | 0 | 2 | 0 | 0 | 20 | 92 | 102.50 | 0 | 0 | 0.00 | 0.00 |
| Mythology | 0 | 2 | 0 | 2 | 20 | 131 | 136.00 | 0 | 1 | 0.00 | 0.00 |
| Philosophy | 0 | 2 | 0 | 1 | 20 | 91 | 113.00 | 0 | 1 | 0.00 | 0.00 |
| Religion | 0 | 2 | 0 | 1 | 20 | 101 | 125.00 | 0 | 0 | 0.00 | 0.00 |
| Pop Culture | 0 | 1 | 0 | 0 | 10 | 68 | 68.00 | 1 | 1 | 0.00 | 0.00 |
| Fine Arts - Classical Music | 0 | 1 | 0 | 0 | 10 | 107 | 107.00 | 0 | 0 | 0.00 | 0.00 |
| Literature - British | 0 | 1 | 0 | 1 | 10 | 130 | 130.00 | 0 | 0 | 0.00 | 0.00 |
| History - World | 0 | 1 | 0 | 1 | 10 | 133 | 133.00 | 0 | 0 | 0.00 | 0.00 |
| Literature - World | 0 | 1 | 0 | 0 | 10 | 113 | 113.00 | 1 | 1 | 0.00 | 0.00 |
| History - Other | 0 | 1 | 0 | 0 | 10 | 74 | 74.00 | 0 | 1 | 0.00 | 0.00 |
| Fine Arts - Other | 0 | 1 | 0 | 0 | 10 | 71 | 71.00 | 0 | 1 | 0.00 | 0.00 |